Click to Translate - Breton - Statistics

General Stats
  • This quiz has been taken 741 times
  • The average score is 5 of 20
Answer Stats
Hint Answer % Correct
Book Levr
60%
Please Mar plij
49%
Bread Bara
36%
Five Pemp
34%
Easy Aes
33%
Sunday Sul
30%
Food Boued
27%
Goodbye Kenavo
27%
Thank you Trugarez
26%
Yellow Melen
24%
Why Perak
24%
No Ket
23%
Weather Amzer
21%
Chair Kador
20%
Hello Demat
19%
With Gant
16%
Yesterday Dec'h
14%
Eye Lagad
12%
Eat Debriñ
8%
Hungry Naon
8%
No matching quizzes found
Score Distribution
Percent of People with Each Score
Percentile by Number Answered
Your Score History
You have not taken this quiz